Bhaargava naadika (Record no. 179567)
[ view plain ]
| 000 -LEADER | |
|---|---|
| fixed length control field | 00555nam a22001817a 4500 |
| 005 - DATE AND TIME OF LATEST TRANSACTION | |
| control field | 20210622154042.0 |
| 010 ## - LCCN (DPL NO) | |
| LC control number | B-740267 |
| 020 ## - INTERNATIONAL STANDARD BOOK NUMBER | |
| International Standard Book Number | 9788170821328 |
| Terms of availability | 315.00 |
| 035 ## - SYSTEM CONTROL NUMBER | |
| System control number | B-740267 |
| 037 ## - SOURCE OF ACQUISITION | |
| Source of stock number/acquisition | Gift |
| 082 ## - DEWEY DECIMAL CLASSIFICATION NUMBER | |
| Classification number | 133.59445 |
| 245 ## - TITLE STATEMENT | |
| Title | Bhaargava naadika |
| Statement of responsibility, etc | translated by K.T. Shubhakaran |
| 260 ## - PUBLICATION, DISTRIBUTION, ETC. (IMPRINT) | |
| Place of publication, distribution, etc | New Delhi |
| Name of publisher, distributor, etc | Sagar Publications |
| Date of publication, distribution, etc | 2012 |
| 300 ## - PHYSICAL DESCRIPTION | |
| Extent | vi, 411p. |
| Dimensions | 22cm(pbk) |
| 700 ## - ADDED ENTRY--PERSONAL NAME | |
| Personal name | Shubhakaran, K.T. |
| 942 ## - ADDED ENTRY ELEMENTS (KOHA) | |
| Source of classification or shelving scheme | Dewey Decimal Classification |
| Item type | English Books |
| Classification part | 133.59445 |
| Call number suffix | BHA |
| Withdrawn status | Lost status | Not for loan | Collection code | Home library | Current library | Date acquired | Source of acquisition | Cost, normal purchase price | Full call number | Barcode | Copy number | Cost, replacement price | Koha item type | Public note |
|---|---|---|---|---|---|---|---|---|---|---|---|---|---|---|
| Non-fiction | Kadipur | Kadipur | 22/06/2021 | Gift/Eng/02-06-2021 | 315.00 | 133.59445 BHA | B-740267 | 1 | 315.00 | English Books | GIft |
